Statystyki dla NIEMIECKI

Kliknij tutaj aby rozwiązać quiz!

Ogólne statystyki

  • Ten quiz został rozwiązany 33 razy
  • Średni wynik to 6 z 13

Statystyki odpowiedzi

HintOdpowiedź% Poprawnych
łóżkobett
89%
sofa/ kanapasofa
83%
regałregal
78%
StółTisch
72%
TVfernseher
67%
komodakommode
61%
fotelsessel
56%
krzesłostuhl
56%
mikrofalamikrowelle
28%
Biurkoschreibtisch
22%
drzwischrank
17%
Stół nakrytyEsstich
6%
głośnikstereolange
6%

Rozkład punktacji

Percentyl według liczby udzielonych odpowiedzi

Procent ludzi z każdym wynikiem

Twoja historia wyników

Nie rozwiązałeś tego quizu